| 000 | 00609cab a2200193 4500 | ||
|---|---|---|---|
| 001 | ABS43998 | ||
| 008 | 090401t1991 xxu||||| |||| 00| 0 eng d | ||
| 035 | _a(Sirsi) u44659 | ||
| 041 | _aeng | ||
| 100 | _aChong, F. | ||
| 245 | _aLeasing deals: sign now, pay later | ||
| 260 | _c1991 | ||
| 350 | _a0 | ||
| 490 |
_aAsian Property _vJanuary 1991, 26-27 (2) |
||
| 520 | _aReports on the rented market in Australia , where landlords are offering long rent free periods to entice tenants in the office and residential sectors. | ||
| 690 | _aOVERSEAS-REST OF THE WORLD | ||
| 942 | _n0 | ||
| 948 | _c04/03/1997 | ||
| 999 |
_c28379 _d28379 |
||